Statistics for Watchmen Comic Book Ultimate Quiz

Click here to take the quiz!

General Stats

  • This quiz has been taken 109 times
    (28 since last reset)
  • The average score is 20 of 35

Answer Stats

IndiceRéponse% Correct
Superhero #1The Comedian
96%
Superhero #2Dr. Manhattan
92%
Superhero #5Rorschach
92%
Superhero #4Ozymandias
88%
Superhero #3Nite Owl II
85%
U.S. President during the storyRichard M. Nixon
85%
Superhero #6Silk Spectre II
73%
Conflict the US won in this dystopiaVietnam War
73%
WriterAlan Moore
65%
What is teleported in this city in order to
avoid nuclear holocaust
Alien Monster
65%
Where #2 goes into exileMars
65%
City where the story mainly takes placeNew York City
65%
Identity #5Walter Joseph Kovacs
65%
Identity #4Adrian Veidt
62%
Identity #2Jon Osterman
62%
Year of first release1986
58%
Location of his secret retreatAntarctica
58%
Comic book publisherDC Comics
58%
Identity #1Edward Blake
58%
Identity #6Laurel "Laurie" Juspeczyk
58%
Name of the first superheroes teamThe Minutemen
58%
Number of issues/chapters12
54%
Identity #3Daniel Dreiberg
46%
The first-ever masked vigilanteHooded Justice
46%
What the symbol on #2 forehead representsHydrogen Atom
46%
Historical inspiration for #4Alexander the Great
42%
Director of the 2009 film adaptationZack Snyder
42%
ArtistDave Gibbons
35%
Genetically engineered pet lynx of #4Bubastis
31%
Pirate comic book within the comic bookTales of the Black Freighter
31%
Owlship's other nameArchie
27%
Former Marine who founded this teamCaptain Metropolis
27%
Far-right daily newspaperNew Frontiersman
19%
His cosmetic brands (name one of them)Nostalgia / Millennium
19%
Left-wing weekly magazineNova Express
8%

Score Distribution

Percentile by Number Answered

Percent of People with Each Score

Your Score History

You have not taken this quiz since the last reset